|
|
|
|
| LEADER |
00000nab a2200000 a 4500 |
| 001 |
vtls000642036 |
| 003 |
SK-MaSNL |
| 005 |
20260304093651.0 |
| 008 |
250425c1997 xo 0 slo |
| 015 |
|
|
|a SNBRB19rr/mm-uuuuu
|
| 035 |
|
|
|a CL0642175
|
| 035 |
|
|
|a urn:nbn:sk:snk-abh6y
|
| 035 |
|
|
|a (urnnbn)urn:nbn:sk:snk:ar-003tzu
|
| 035 |
|
|
|a (uuid)cfc17e3c-dbaa-4ade-8539-c5b79b90c772
|
| 040 |
|
|
|a SNKBUCL
|b slo
|c SNKBUCL
|e AACR2
|
| 041 |
0 |
|
|a slo
|
| 044 |
|
|
|a xo
|c SK
|
| 080 |
|
|
|a 623.746.12.004.67
|2 1981
|
| 080 |
|
|
|a 629.735.3.004.67
|2 1981
|
| 100 |
1 |
|
|a Neštrák, František
|4 aut
|9 894096
|
| 245 |
1 |
0 |
|a Znovuzrodené krídla. Aero A-01
|c František Neštrák
|
| 300 |
|
|
|b Obr. 6
|
| 650 |
0 |
7 |
|a lietadlá
|2 snkbucl
|9 4248
|
| 650 |
0 |
7 |
|a Aero A-01 (lietadlo)
|2 snkbucl
|9 1389034
|
| 655 |
|
7 |
|a články z novín a časopisov
|2 snkbucl
|9 267496
|
| 773 |
0 |
|
|t Apológia
|g Č. 9 (1997), s. 24-25
|x 1335-0463
|
| 850 |
|
|
|a Slovenská národná knižnica
|
| 852 |
|
|
|a Slovenská národná knižnica
|
| 954 |
|
|
|a odborná, vedecká literatúra pôvodná (slovenská)
|2 lita
|
| 958 |
|
|
|a article2022
|
| 958 |
|
|
|a RK
|
| 958 |
|
|
|a OND
|
| 958 |
|
|
|a EUIPO
|
| 992 |
|
|
|a RBX
|
| 999 |
|
|
|c 2824086
|d 2826016
|